| 000 | 00903nam a22002532 4500 | ||
|---|---|---|---|
| 001 | 0000001823 | ||
| 005 | 20151217151830.0 | ||
| 008 | 070327s xx 000 0 eng d | ||
| 020 | _cKES 300 (donation) | ||
| 040 |
_aKABU _cKABU |
||
| 050 | 0 |
_aHD58.82 _b.K68 1997 |
|
| 100 | 1 |
_aKoulopoulos, Thomas M. _@0000150851 |
|
| 245 | 1 | 0 |
_aCorporate instinct : _bbuilding a knowing enterprise for the 21st century / _cThomas Koulopoulos, Richard Spinello, Wayne Toms. |
| 260 |
_aNew York : _bVan Nostrand, _c1997. |
||
| 300 | _axx, 284 p. | ||
| 650 | 0 |
_aOrganizational learning. _@0000150852 |
|
| 700 | 1 |
_aSpinello, Richard A. _@0000150853 |
|
| 700 | 1 |
_aToms, Wayne. _@0000150854 |
|
| 908 | _a070327 | ||
| 950 | _@1 | ||
| 999 |
_c5474 _d5474 |
||